Estudio preliminar de la aplicabilidad de la filtración directa en la planta potabilizadora de Los Sitios.
Gardado en:
| Autor Principal: | |
|---|---|
| Outros autores: | |
| Formato: | Libro |
| Publicado: |
[San José , Costa Rica]
1986
|
| Materias: | |
| Etiquetas: |
Engadir etiqueta
Sen Etiquetas, Sexa o primeiro en etiquetar este rexistro!
|
MARC
| LEADER | 00000nam a2200000Ia 4500 | ||
|---|---|---|---|
| 003 | 004181 | ||
| 005 | 20221231144353.0 | ||
| 008 | 140114s1986 cr a m 000 ||s d | ||
| 040 | |c cru CEDI | ||
| 090 | |a TFG 1881 | ||
| 100 | |a Peralta Ballester, José Ricardo |9 14071 | ||
| 245 | |a Estudio preliminar de la aplicabilidad de la filtración directa en la planta potabilizadora de Los Sitios. | ||
| 260 | |c 1986 |a [San José , Costa Rica] | ||
| 300 | |a x, 264 hojas : ilustraciones ; 28 cm | ||
| 500 | |a Proyecto de graduación (licenciatura en ingeniería civil)--Universidad de Costa Rica. Facultad de Ingeniería. Escuela de Ingeniería Civil | ||
| 650 | |x PLANTA POTABILIZADORA LOS SITIOS (MORAVIA, SAN JOSE, COSTA RICA) |x FILTRACION |9 14073 | ||
| 700 | |9 14072 |a González Valle, Luis Paulino | ||
| 942 | |c TFG | ||
| 999 | |c 20864 |d 20864 | ||
